| Tag |
First Indicator |
Second Indicator |
Subfields |
| LEADER |
00000cam a2200000 i 4500 |
| 001 |
in00000336306 |
| 005 |
20190207094046.0 |
| 008 |
761201s1976 txua b 00010ceng |
| 010 |
|
|
|a 76021578
|
| 020 |
|
|
|c $14.95
|
| 035 |
|
|
|a (OCoLC)02522210
|
| 035 |
|
|
|9 ABM2131AM
|
| 040 |
|
|
|a DLC
|c DLC
|d TXA
|d UtOrBLW
|
| 043 |
|
|
|a n-usp--
|
| 049 |
|
|
|a TXAS
|c [1096633]
|
| 050 |
0 |
0 |
|a F594
|b .M53
|
| 082 |
0 |
|
|a 364.1/5/0922
|
| 100 |
1 |
|
|a Metz, Leon Claire.
|
| 245 |
1 |
4 |
|a The shooters :
|b this unique chronicle depicts rare, historical & true stories of notorious gunmen : authentic, factual, uncommon /
|c by Leon Claire Metz.
|
| 250 |
|
|
|a 1st ed.
|
| 264 |
|
1 |
|a El Paso, Tex. :
|b Mangan Books,
|c 1976.
|
| 300 |
|
|
|a 300 pages :
|b illustrations ;
|c 24 cm.
|
| 336 |
|
|
|a text
|b txt
|2 rdacontent
|
| 337 |
|
|
|a unmediated
|b n
|2 rdamedia
|
| 338 |
|
|
|a volume
|b nc
|2 rdacarrier
|
| 500 |
|
|
|a The Cushing Library/Chapman Texas Collection copy is part of the Floyd & Louise Chapman Texas & Borderlands Collection.
|5 TXA
|
| 500 |
|
|
|a At head of title: Genuine & authoritative.
|
| 500 |
|
|
|a "Most of the material ... appeared first in the El Paso times during 1973-74."
|
| 504 |
|
|
|a Bibliography: pages 293-298.
|
| 650 |
|
0 |
|a Crime
|z West (U.S.)
|
| 650 |
|
0 |
|a Crime
|z West (U.S.)
|x Biography.
|
| 651 |
|
0 |
|a West (U.S.)
|x History
|y 1860-1890.
|
| 651 |
|
0 |
|a West (U.S.)
|v Biography.
|
| 650 |
|
0 |
|a Criminals
|z West (U.S.)
|
| 650 |
|
0 |
|a Criminals
|z West (U.S.)
|x Biography.
|
| 999 |
|
|
|a MARS
|
| 999 |
f |
f |
|s 22504b16-0391-351e-ba75-57ce9739fbf5
|i a9b3b218-20b1-3a24-97b4-a172f8ccc30d
|t 0
|
| 952 |
f |
f |
|p noncirc
|a Texas A&M University
|b College Station
|c Cushing Memorial Library & Archives
|d Cushing: Chapman Texas Collection (Does not check out)
|t 0
|e F594 .M53
|h Library of Congress classification
|i unmediated -- volume
|m A14800342815
|
| 998 |
f |
f |
|a F594 .M53
|t 0
|l Cushing: Chapman Texas Collection (Does not check out)
|